000 00608nam a2200217Ia 4500
003 GCL
008 140319s9999 xx 000 0 ara d
040 _aGCL /
_cGCL
082 0 4 _a301.363
_bع م
100 1 _aعبدالمنعم شوقى
245 1 0 _aمجتمع المدينة : الاجتماع الحضرى /
_cعبدالمنعم شوقى
300 _a272 ص
490 _a
650 0 4 _aالسكان
650 0 4 _aالمدن
650 0 4 _aالصناعة
650 0 4 _aالقرى
650 0 4 _aالاجتماع، علم
650 0 4 _aالاجتماع الحضرى، علم
942 _2ddc
_cBK
999 _c45242
_d45242